[Event "Xtracon Open 2018"]
[Site "Helsingor"]
[Date "2018.07.21"]
[Round "1"]
[White "Johansson, Linus"]
[Black "O`Gorman, Alice"]
[Result "1-0"]
[WhiteElo "2454"]
[BlackElo "1898"]
[Annotator "TA"]
[PlyCount "85"]
[EventDate "2018.07.21"]
[EventType "swiss"]
[EventCountry "DEN"]
[SourceTitle "playchess.com"]
[Source "ChessBase"]
[SourceQuality "1"]

1. d4 d5 2. c4 e6 3. Nc3 Nf6 4. cxd5 exd5 5. Bg5 Be7 6. e3 O-O 7. Bd3 Nbd7 8. Nge2 c6 9. O-O Re8 10. f3 Nf8 11. Qc2 h6 12. Bh4 Be6 13. Rad1 Rc8 14. Kh1 N6d7 15. Bg3 a6 16. h3 Bh4 17. Bh2 c5 18. dxc5 Nxc5 19. Nf4 Nxd3 20. Qxd3 Qb6 21. Rd2 Rcd8 22. Nfxd5 Bxd5 23. Nxd5 Rxe3 24. Qc2 Rxd5 25. Rxd5 Qe6 26. Rd3 Re2 27. Rd2 Re1 28. Rxe1 Qxe1+ 29. Bg1 Ne6 30. Rd1 Qg3 31. Bh2 Qg5 32. Qc8+ Kh7 33. Qxb7 Qf6 34. Qe4+ g6 35. Be5 Qe7 36. f4 Bg3 37. Qf3 Bh4 38. f5 Ng5 39. fxg6+ Kxg6 40. Qd3+ f5 41. Qd6+ Qxd6 42. Rxd6+ Kf7 43. Rf6+ 1-0

[Event "Xtracon Open 2018"]
[Site "Helsingor"]
[Date "2018.07.21"]
[Round "1"]
[White "Antonsen, Mikkel"]
[Black "Shazil"]
[Result "1-0"]
[WhiteElo "2452"]
[BlackElo "1896"]
[Annotator "TA"]
[PlyCount "99"]
[EventDate "2018.07.21"]
[EventType "swiss"]
[EventCountry "DEN"]
[SourceTitle "playchess.com"]
[Source "ChessBase"]
[SourceQuality "1"]

1. d4 Nf6 2. c4 e6 3. Nc3 Bb4 4. Qc2 d5 5. cxd5 exd5 6. Bf4 O-O 7. e3 c5 8. dxc5 Qa5 9. Bd3 Nbd7 10. Nge2 Nxc5 11. O-O Nxd3 12. Qxd3 Bxc3 13. Nxc3 b6 14. Rfd1 Ba6 15. Qd4 Qc5 16. Qxc5 bxc5 17. Nxd5 Nxd5 18. Rxd5 c4 19. f3 Bc8 20. Rad1 Be6 21. Ra5 h6 22. Be5 Rfc8 23. Rd6 Re8 24. Bc3 Re7 25. Kf2 Rd7 26. Rxd7 Bxd7 27. e4 a6 28. Rd5 Be6 29. Rd6 a5 30. Ke3 Kf8 31. f4 Ke7 32. Rb6 g6 33. a3 Ra7 34. Rb5 a4 35. Bd4 Ra8 36. f5 gxf5 37. exf5 Bd7 38. Rb7 Kd6 39. Kf4 Ra5 40. g4 Rb5 41. Rxb5 Bxb5 42. Bg7 Ke7 43. Bxh6 f6 44. h4 Kf7 45. g5 fxg5+ 46. hxg5 Bd7 47. g6+ Kf6 48. Bg5+ Kg7 49. Be7 Kh6 50. Bf8+ 1-0

[Event "Xtracon Open 2018"]
[Site "Helsingor"]
[Date "2018.07.21"]
[Round "1"]
[White "Roy, Prantik"]
[Black "Lunde, Sigmund"]
[Result "1-0"]
[WhiteElo "2348"]
[BlackElo "1848"]
[Annotator "NA"]
[PlyCount "71"]
[EventDate "2018.07.21"]
[EventType "swiss"]
[EventCountry "DEN"]
[SourceTitle "playchess.com"]
[Source "ChessBase"]
[SourceQuality "1"]

1. d4 d5 2. c4 c6 3. Nf3 Nf6 4. Nc3 g6 5. e3 Bg7 6. Bd3 O-O 7. O-O Nbd7 8. cxd5 Nxd5 9. e4 Nxc3 10. bxc3 e5 11. Be3 h6 12. Rc1 Re8 13. Qd2 Kh7 14. Bc4 Qe7 15. Nxe5 Nxe5 16. dxe5 Bxe5 17. f4 Bc7 18. f5 g5 19. Rce1 f6 20. Qd1 Bd7 21. Qh5 Qg7 22. h4 Rxe4 23. hxg5 Rxe3 24. Rxe3 Bb6 25. g6+ Kh8 26. Rff3 Re8 27. Qh3 Rxe3 28. Rxe3 Qf8 29. Be6 Bxe6 30. fxe6 f5 31. Kf1 Bxe3 32. Qxe3 Kg7 33. e7 Qe8 34. Qe6 f4 35. Kf2 c5 36. Kf3 1-0

[Event "Xtracon Open 2018"]
[Site "Helsingor"]
[Date "2018.07.21"]
[Round "1"]
[White "Hyldkrog, Lars"]
[Black "Shirov, Alexei"]
[Result "0-1"]
[WhiteElo "1961"]
[BlackElo "2637"]
[Annotator "TA"]
[PlyCount "85"]
[EventDate "2018.07.21"]
[EventType "swiss"]
[EventCountry "DEN"]
[SourceTitle "playchess.com"]
[Source "ChessBase"]
[SourceQuality "1"]

1. e4 e6 2. d4 d5 3. Nd2 Be7 4. Ngf3 c5 5. exd5 exd5 6. Bb5+ Bd7 7. Bxd7+ Nxd7 8. O-O Ngf6 9. c3 O-O 10. Re1 Re8 11. Nf1 c4 12. Bf4 Qb6 13. Qc2 Bd6 14. Bxd6 Qxd6 15. Ng3 g6 16. Qd2 Ne4 17. Qh6 f5 18. Ng5 Ndf6 19. N3xe4 dxe4 20. Qh4 Re7 21. Re3 Nd5 22. Rh3 Qf4 23. Qxf4 Nxf4 24. Re3 Nd5 25. Re2 h6 26. Nh3 g5 27. Kf1 g4 28. Ng1 f4 29. Rc2 f3 30. b3 Rc8 31. Rb1 cxb3 32. Rxb3 Rec7 33. gxf3 exf3 34. h3 h5 35. hxg4 hxg4 36. Rb5 Rxc3 37. Rxc3 Rxc3 38. Rc5 Rxc5 39. dxc5 Nb4 40. Ke1 Nd3+ 41. Kd2 Nxf2 42. Ke3 Nd1+ 43. Kd4 0-1

[Event "Xtracon Open 2018"]
[Site "Helsingor"]
[Date "2018.07.21"]
[Round "1"]
[White "Alfven, Jorgen"]
[Black "Kristian Stuvik Holm"]
[Result "0-1"]
[WhiteElo "1896"]
[BlackElo "2453"]
[Annotator "TA"]
[PlyCount "46"]
[EventDate "2018.07.21"]
[EventType "swiss"]
[EventCountry "DEN"]
[SourceTitle "playchess.com"]
[Source "ChessBase"]
[SourceQuality "1"]

1. d4 Nf6 2. Nf3 c5 3. e3 g6 4. Bd3 Bg7 5. O-O O-O 6. c4 cxd4 7. exd4 d5 8. Nc3 Nc6 9. cxd5 Nxd5 10. Be4 Nf6 11. Bxc6 bxc6 12. Bf4 Nd5 13. Be5 Bh6 14. Qa4 Qb6 15. Nxd5 cxd5 16. Qa3 Re8 17. h3 Bf5 18. g4 Be4 19. g5 Bf8 20. Nd2 Bf5 21. Kg2 f6 22. Bf4 e5 23. dxe5 Bxa3 0-1

[Event "Xtracon Open 2018"]
[Site "Helsingor"]
[Date "2018.07.21"]
[Round "1"]
[White "Lars Wisler Pedersen"]
[Black "Dauth, Benjamin"]
[Result "0-1"]
[WhiteElo "1856"]
[BlackElo "2325"]
[Annotator "NA"]
[PlyCount "44"]
[EventDate "2018.07.21"]
[EventType "swiss"]
[EventCountry "DEN"]
[SourceTitle "playchess.com"]
[Source "ChessBase"]
[SourceQuality "1"]

1. e4 e5 2. Nf3 Nc6 3. d4 exd4 4. Nxd4 Qh4 5. Nc3 Bb4 6. Be2 Nge7 7. Ndb5 Ba5 8. O-O a6 9. g3 Qf6 10. Nd5 Nxd5 11. exd5 axb5 12. dxc6 dxc6 13. Bd3 Bh3 14. Qe2+ Kf8 15. Rd1 h5 16. c3 Bg4 17. Qc2 h4 18. Be2 hxg3 19. fxg3 Bb6+ 20. Kh1 Qf2 21. h4 Qxg3 22. Bg5 Qh3# 0-1

[Event "Xtracon Open 2018"]
[Site "Helsingor"]
[Date "2018.07.21"]
[Round "1"]
[White "Rasmussen, Morten"]
[Black "Mikalsen, Erlend"]
[Result "0-1"]
[WhiteElo "1845"]
[BlackElo "2292"]
[Annotator "NA"]
[PlyCount "51"]
[EventDate "2018.07.21"]
[EventType "swiss"]
[EventCountry "DEN"]
[SourceTitle "playchess.com"]
[Source "ChessBase"]
[SourceQuality "1"]

1. d4 Nf6 2. c4 e6 3. g3 d5 4. Nf3 dxc4 5. Qa4+ Nbd7 6. Qxc4 a6 7. Bg2 b5 8. Qc2 Bb7 9. O-O c5 10. e3 Rc8 11. Qe2 Qb6 12. b3 Be7 13. Bb2 O-O 14. Nc3 c4 15. bxc4 Rxc4 16. Rac1 Rfc8 17. Nb1 Be4 18. Nc3 Bb7 19. Nb1 Qa5 20. Rxc4 Rxc4 21. Ne5 Bxg2 22. Nxc4 Bxf1 23. Kxf1 bxc4 24. Qxc4 Ne4 25. Nc3 Nd2+ 26. Ke1 0-1

[Event "Xtracon Open 2018"]
[Site "Helsingor"]
[Date "2018.07.22"]
[Round "2"]
[White "Mu, Ke"]
[Black "Petersen, Steen"]
[Result "1-0"]
[WhiteElo "2455"]
[BlackElo "2111"]
[Annotator "TA"]
[PlyCount "111"]
[EventDate "2018.07.21"]
[EventType "swiss"]
[EventCountry "DEN"]
[SourceTitle "playchess.com"]
[Source "ChessBase"]
[SourceQuality "1"]

1. d4 Nf6 2. c4 e6 3. Nc3 Bb4 4. e3 c5 5. Nge2 cxd4 6. exd4 d5 7. a3 Be7 8. Nf4 Nc6 9. Be3 dxc4 10. Bxc4 O-O 11. O-O e5 12. dxe5 Nxe5 13. Ba2 Bd7 14. Ncd5 Nxd5 15. Qxd5 Qc7 16. Bd4 Bd6 17. Nh5 Bc6 18. Qb3 Qe7 19. f4 Bc5 20. Qc3 Nd7 21. Rfe1 Bxd4+ 22. Qxd4 Qc5 23. Qxc5 Nxc5 24. b4 Na4 25. Re5 Nc3 26. Bc4 a6 27. Rc1 Nb5 28. a4 Nd6 29. Bb3 Rad8 30. Rd1 g6 31. Ng3 Kg7 32. Re7 Rde8 33. Rxe8 Nxe8 34. Re1 Nf6 35. Re7 Nd5 36. Bxd5 Bxd5 37. Ne2 Bc6 38. Nd4 Rd8 39. Nxc6 bxc6 40. Re4 Kf6 41. Rc4 Rd6 42. Kf2 h5 43. Ke3 Kf5 44. Rc5+ Kg4 45. Rg5+ Kh4 46. Ra5 Kg4 47. Rxa6 Re6+ 48. Kd3 Kxf4 49. b5 Re3+ 50. Kd4 Re4+ 51. Kc5 cxb5 52. axb5 Re2 53. b6 Rc2+ 54. Kd6 Rxg2 55. Ra4+ Kf3 56. Rb4 1-0

[Event "Xtracon Open 2018"]
[Site "Helsingor"]
[Date "2018.07.22"]
[Round "2"]
[White "Holm, Kristian Stuvik"]
[Black "Koellner, Christof"]
[Result "1-0"]
[WhiteElo "2453"]
[BlackElo "2105"]
[Annotator "TA"]
[PlyCount "100"]
[EventDate "2018.07.21"]
[EventType "swiss"]
[EventCountry "DEN"]
[SourceTitle "playchess.com"]
[Source "ChessBase"]
[SourceQuality "1"]

1. d4 d5 2. c4 e6 3. Nf3 Nf6 4. Nc3 Be7 5. g3 O-O 6. Bg2 c6 7. O-O dxc4 8. Ne5 Nbd7 9. Nxc4 Nb6 10. Ne5 Qc7 11. Qc2 a6 12. Rd1 Rd8 13. Bf4 Bd6 14. Bg5 Be7 15. Rac1 Bd7 16. Ne4 Be8 17. Bxf6 gxf6 18. Ng4 Nd5 19. Nc3 Nxc3 20. Qxc3 h5 21. Ne3 Qb6 22. Bf3 Qb5 23. h4 f5 24. Ng2 Qb4 25. Qxb4 Bxb4 26. Bxh5 Be7 27. e3 Rac8 28. Bf3 Bf6 29. Rc2 Kf8 30. Nf4 Be7 31. Nd3 Rb8 32. Nc5 Bd6 33. b4 Ke7 34. a4 Rdc8 35. Kg2 Rc7 36. h5 Bd7 37. Nd3 Rh8 38. Rdc1 Rcc8 39. Be2 Rcg8 40. Nc5 Rb8 41. Rb1 Be8 42. Rh1 Rh6 43. f3 f6 44. g4 Bf7 45. Kf2 fxg4 46. fxg4 Bg6 47. Rcc1 Be8 48. Bf3 Bd7 49. Rhg1 Bxc5 50. bxc5 Rd8 1-0

[Event "Xtracon Open 2018"]
[Site "Helsingor"]
[Date "2018.07.22"]
[Round "2"]
[White "O'Donnell, Tom"]
[Black "Hakansson, Stefan"]
[Result "*"]
[WhiteElo "2332"]
[BlackElo "2019"]
[Annotator "NA"]
[PlyCount "31"]
[EventDate "2018.07.21"]
[EventType "swiss"]
[EventCountry "DEN"]
[SourceTitle "playchess.com"]
[Source "ChessBase"]
[SourceQuality "1"]

1. e4 e5 2. Nf3 Nc6 3. Bb5 g6 4. Bxc6 dxc6 5. d3 Bg7 6. Nbd2 Be6 7. b3 c5 8. Bb2 f6 9. Qe2 Ne7 10. h3 Nc6 11. a3 a5 12. O-O O-O 13. c3 Qd7 14. Rfd1 Qf7 15. c4 a4 16. bxa4 *

[Event "Xtracon Open 2018"]
[Site "Helsingor"]
[Date "2018.07.22"]
[Round "2"]
[White "Nielsen, Andre"]
[Black "Rasmussen, Allan Stig"]
[Result "1/2-1/2"]
[WhiteElo "2178"]
[BlackElo "2536"]
[Annotator "ChessBase"]
[PlyCount "128"]
[EventDate "2018.07.21"]
[EventType "swiss"]
[EventCountry "DEN"]
[SourceTitle "playchess.com"]
[Source "ChessBase"]
[SourceQuality "1"]

1. e4 e6 2. d4 d5 3. Nc3 Nf6 4. Bg5 dxe4 5. Nxe4 Be7 6. Bxf6 gxf6 7. Nf3 f5 8. Ng3 Qd6 9. Qd2 h5 10. h4 Nd7 11. O-O-O Nf6 12. Qe1 c5 13. Kb1 Kf8 14. Ne5 cxd4 15. c3 b5 16. Bxb5 Qb6 17. Bc4 Rb8 18. Bb3 Bb7 19. Rxd4 Bxg2 20. Rg1 Bd5 21. Rxd5 exd5 22. Nxf5 Bd6 23. Nxf7 Re8 24. Qd2 Kxf7 25. Bxd5+ Nxd5 26. Qxd5+ Kf8 27. Rg7 Re1+ 28. Kc2 Qxf2+ 29. Kb3 Qxf5 30. Qxf5+ Kxg7 31. Qd7+ Be7 32. Qd4+ Bf6 33. Qxa7+ Re7 34. Qf2 Rb8+ 35. Kc2 Rbe8 36. Qg3+ Kf7 37. Qf3 Re2+ 38. Kd3 R2e5 39. a4 Rb8 40. b4 Rd8+ 41. Kc2 Rde8 42. Kd3 R8e7 43. a5 Rc7 44. c4 Rd7+ 45. Kc2 Rd4 46. Kb3 Rde4 47. Ka4 Rxc4 48. Qb3 Ree4 49. a6 Kg7 50. a7 Be7 51. a8=Q Rxb4+ 52. Ka5 Re5+ 53. Qbd5 Rxd5+ 54. Qxd5 Rxh4 55. Qe6 Bf6 56. Qf5 Rh2 57. Qd7+ Kh6 58. Qf5 Ra2+ 59. Kb4 Rb2+ 60. Kc4 Bg7 61. Kd3 Rg2 62. Qf4+ Rg5 63. Ke2 Be5 64. Qxg5+ Kxg5 1/2-1/2

[Event "Xtracon Open 2018"]
[Site "Helsingor"]
[Date "2018.07.22"]
[Round "2"]
[White "Ingebretsen, Jens E"]
[Black "Notkevich, Benjamin Arvola"]
[Result "1/2-1/2"]
[WhiteElo "2138"]
[BlackElo "2471"]
[Annotator "TA"]
[PlyCount "114"]
[EventDate "2018.07.21"]
[EventType "swiss"]
[EventCountry "DEN"]
[SourceTitle "playchess.com"]
[Source "ChessBase"]
[SourceQuality "1"]

1. e4 e6 2. d4 d5 3. Nd2 c5 4. Ngf3 Nf6 5. exd5 exd5 6. Bb5+ Bd7 7. Bxd7+ Nbxd7 8. O-O Be7 9. Ne5 O-O 10. Ndf3 Nxe5 11. dxe5 Ne4 12. Re1 b5 13. c3 f5 14. exf6 Bxf6 15. a4 a6 16. Qe2 Qb6 17. axb5 axb5 18. Rxa8 Rxa8 19. Qd3 Qc6 20. Bf4 Ra2 21. Qb1 Ra8 22. Nd2 Nxd2 23. Bxd2 Re8 24. Rxe8+ Qxe8 25. Qf5 Qc6 26. g3 d4 27. h4 c4 28. h5 d3 29. g4 h6 30. f4 Bd8 31. g5 Bb6+ 32. Kh2 Qe8 33. Qg4 hxg5 34. fxg5 Bc7+ 35. Kg2 Qa8+ 36. Qf3 Qxf3+ 37. Kxf3 Kf7 38. Ke4 Ke6 39. Be3 Be5 40. Bc1 Bd6 41. b3 cxb3 42. Kxd3 Be5 43. Bd2 Kd5 44. Be3 b2 45. Kc2 Bxc3 46. g6 Ke6 47. h6 gxh6 48. Bxh6 Be5 49. g7 Kf7 50. Kb1 Kg8 51. Kc2 Kh7 52. Kb1 Bxg7 53. Bxg7 Kxg7 54. Kxb2 Kf6 55. Kc3 Ke6 56. Kb4 Kd6 57. Kxb5 Ke5 1/2-1/2

[Event "Xtracon Open 2018"]
[Site "Helsingor"]
[Date "2018.07.22"]
[Round "2"]
[White "Nielsen, Thomas Bach"]
[Black "Keymer, Vincent"]
[Result "0-1"]
[WhiteElo "2111"]
[BlackElo "2466"]
[Annotator "TA"]
[PlyCount "72"]
[EventDate "2018.07.21"]
[EventType "swiss"]
[EventCountry "DEN"]
[SourceTitle "playchess.com"]
[Source "ChessBase"]
[SourceQuality "1"]

1. d4 Nf6 2. c4 e6 3. Nc3 Bb4 4. e3 O-O 5. Bd3 b6 6. Nge2 d5 7. cxd5 exd5 8. O-O Re8 9. f3 Bb7 10. Qe1 c5 11. Qh4 Ba6 12. Bxa6 Nxa6 13. a3 Bxc3 14. Nxc3 Rb8 15. Bd2 Nc7 16. Rad1 c4 17. Bc1 b5 18. g4 h6 19. Qg3 a5 20. h4 b4 21. axb4 axb4 22. Ne2 Ne6 23. Rf2 Ra8 24. g5 hxg5 25. hxg5 Nh5 26. Qh3 g6 27. e4 Ra1 28. f4 dxe4 29. Rdf1 Nxd4 30. Nxd4 Qxd4 31. Be3 Rxf1+ 32. Rxf1 Qxb2 33. f5 Qe5 34. fxg6 fxg6 35. Kg2 Rd8 36. Qg4 b3 0-1

[Event "Xtracon Open 2018"]
[Site "Helsingor"]
[Date "2018.07.22"]
[Round "2"]
[White "Pallesen, Jacob"]
[Black "Hoi, Carsten"]
[Result "0-1"]
[WhiteElo "2058"]
[BlackElo "2389"]
[Annotator "NA"]
[PlyCount "121"]
[EventDate "2018.07.21"]
[EventType "swiss"]
[EventCountry "DEN"]
[SourceTitle "playchess.com"]
[Source "ChessBase"]
[SourceQuality "1"]

1. d4 Nf6 2. Nf3 g6 3. c4 Bg7 4. Nc3 O-O 5. e3 d6 6. Be2 Nbd7 7. h4 h6 8. Nd2 e5 9. d5 Qe7 10. e4 a5 11. b3 Nc5 12. Ba3 Ne8 13. h5 gxh5 14. Bxc5 dxc5 15. Bxh5 Nd6 16. Qe2 f5 17. O-O-O a4 18. Kb2 Bd7 19. Bf3 b5 20. cxb5 axb3 21. axb3 Rab8 22. Kc2 Nxb5 23. Nxb5 Bxb5 24. Nc4 Qf6 25. Qe3 Bxc4 26. bxc4 Qa6 27. Ra1 Qxc4+ 28. Qc3 Qxc3+ 29. Kxc3 fxe4 30. Bxe4 Rxf2 31. Rhb1 Rxb1 32. Rxb1 Bf8 33. Rh1 Rf4 34. Bc2 Rg4 35. Rh2 Kg7 36. Bf5 Rg3+ 37. Kc4 Bd6 38. Bh3 Ra3 39. Rh1 Ra4+ 40. Kc3 Rf4 41. Be6 Rf2 42. Bh3 Kg6 43. Re1 Kg5 44. Re4 h5 45. Kd3 Rf4 46. Ke3 c4 47. Rxf4 Bc5+ 48. Ke4 exf4 49. Bd7 c3 50. Kd3 Bb4 51. Ba4 Kg4 52. Bd1+ Kg3 53. Bf3 h4 54. Be4 Kf2 55. Kc4 Ke3 56. Bf5 Ba5 57. Kb5 Bb6 58. d6 cxd6 59. Kxb6 Kd2 60. Kc6 c2 61. g4 0-1

[Event "Xtracon Open 2018"]
[Site "Helsingor"]
[Date "2018.07.22"]
[Round "2"]
[White "Colbow, Collin"]
[Black "Frank Sawatzki"]
[Result "0-1"]
[WhiteElo "2055"]
[BlackElo "2380"]
[Annotator "NA"]
[PlyCount "61"]
[EventDate "2018.07.21"]
[EventType "swiss"]
[EventCountry "DEN"]
[SourceTitle "playchess.com"]
[Source "ChessBase"]
[SourceQuality "1"]

1. e4 c5 2. Nf3 e6 3. d4 cxd4 4. Nxd4 a6 5. Nc3 Qc7 6. Bd3 Nf6 7. O-O b5 8. Re1 d6 9. a3 Be7 10. f4 Nbd7 11. Kh1 Bb7 12. Bd2 g6 13. Qe2 e5 14. Nf3 O-O 15. f5 Nb6 16. Bh6 Rfe8 17. fxg6 hxg6 18. Rad1 Rac8 19. Bg5 Nh5 20. Bxe7 Qxe7 21. Qf2 Nc4 22. Bxc4 Rxc4 23. Nd2 Rc7 24. Nf1 Rec8 25. Ne3 Nf4 26. Rd2 Rxc3 27. bxc3 Bxe4 28. Qf1 Qe6 29. a4 Rc5 30. axb5 d5 31. Rf2 0-1

[Event "Xtracon Open 2018"]
[Site "Helsingor"]
[Date "2018.07.22"]
[Round "3"]
[White "Bekker-Jensen, Simon"]
[Black "Buchenau, Frank"]
[Result "1-0"]
[WhiteElo "2483"]
[BlackElo "2275"]
[Annotator "TA"]
[PlyCount "111"]
[EventDate "2018.07.21"]
[EventType "swiss"]
[EventCountry "DEN"]
[SourceTitle "playchess.com"]
[Source "ChessBase"]
[SourceQuality "1"]

1. d4 e6 2. c4 Nf6 3. Nc3 Bb4 4. e3 O-O 5. Nge2 c6 6. a3 Ba5 7. b4 Bc7 8. Ng3 d5 9. Be2 e5 10. cxd5 Nxd5 11. Bb2 Nxc3 12. Bxc3 exd4 13. Bxd4 Bb6 14. Bb2 Qxd1+ 15. Rxd1 Be6 16. O-O Na6 17. Nh5 f6 18. Nf4 Bb3 19. Bxa6 bxa6 20. Rc1 Rac8 21. Rc3 Bf7 22. Rfc1 Rfd8 23. h4 Rd2 24. Ba1 a5 25. b5 c5 26. Nd3 c4 27. Nb2 Rc5 28. a4 Bc7 29. R3c2 Rxc2 30. Rxc2 Kf8 31. Nd1 Rh5 32. Bd4 Bb6 33. g3 Rd5 34. Nc3 Rd7 35. Rd2 Ke7 36. f3 Bg6 37. Kf2 Bd3 38. Bxb6 axb6 39. e4 f5 40. Ke3 fxe4 41. fxe4 Rd6 42. Nd5+ Kd7 43. Nf4 Bb1 44. Rxd6+ Kxd6 45. Kd4 Bc2 46. e5+ Kc7 47. Nd5+ Kb7 48. Nc3 Kc7 49. Kxc4 Kd7 50. Nd5 Ke6 51. Nxb6 Kxe5 52. Kc5 Ke6 53. Kc6 Kf5 54. Kc7 Kg4 55. Nd5 Kxg3 56. b6 1-0

[Event "Xtracon Open 2018"]
[Site "Helsingor"]
[Date "2018.07.22"]
[Round "3"]
[White "Ni, Shiqun"]
[Black "Nilsson, Patrik"]
[Result "1-0"]
[WhiteElo "2435"]
[BlackElo "2229"]
[Annotator "TA"]
[PlyCount "79"]
[EventDate "2018.07.21"]
[EventType "swiss"]
[EventCountry "DEN"]
[SourceTitle "playchess.com"]
[Source "ChessBase"]
[SourceQuality "1"]

1. e4 e6 2. d4 d5 3. Nd2 c5 4. Ngf3 Nc6 5. exd5 exd5 6. Bb5 Bd6 7. O-O Nge7 8. dxc5 Bxc5 9. Nb3 Bb6 10. c3 O-O 11. Bf4 Bg4 12. h3 Bh5 13. Be2 Re8 14. Bh2 Bg6 15. Bd3 Nf5 16. Kh1 Qf6 17. Qd2 Rad8 18. Rad1 Bh5 19. Qf4 Bg6 20. g4 Nd6 21. Bxg6 Qxg6 22. Rxd5 Ne4 23. Rxd8 Rxd8 24. Kg2 Nxf2 25. Ng5 Rf8 26. Rxf2 Bxf2 27. Kxf2 h6 28. Nf3 f5 29. Qc4+ Kh8 30. Qd3 Qe6 31. Qd6 Qf7 32. g5 Rd8 33. Qf4 h5 34. h4 a5 35. Nbd4 Qxa2 36. Qd2 a4 37. Qe2 Nxd4 38. Nxd4 Qd5 39. Qxh5+ Kg8 40. g6 1-0

[Event "Xtracon Open 2018"]
[Site "Helsingor"]
[Date "2018.07.22"]
[Round "3"]
[White "Foisor, Sabina-Francesca"]
[Black "Moradiabadi, Elshan"]
[Result "1/2-1/2"]
[WhiteElo "2285"]
[BlackElo "2538"]
[Annotator "TA"]
[PlyCount "30"]
[EventDate "2018.07.21"]
[EventType "swiss"]
[EventCountry "DEN"]
[SourceTitle "playchess.com"]
[Source "ChessBase"]
[SourceQuality "1"]

1. c4 c6 2. d4 d5 3. cxd5 cxd5 4. Nf3 Nf6 5. Nc3 Nc6 6. Bf4 Bf5 7. e3 e6 8. Bd3 Bxd3 9. Qxd3 Bd6 10. Bxd6 Qxd6 11. O-O O-O 12. Rfc1 Rfc8 13. h3 h6 14. Nd2 Nd7 15. Ne2 Ne7 1/2-1/2

[Event "Xtracon Open 2018"]
[Site "Helsingor"]
[Date "2018.07.22"]
[Round "3"]
[White "Laustsen, Lars"]
[Black "Jepson, Christian"]
[Result "0-1"]
[WhiteElo "2219"]
[BlackElo "2410"]
[Annotator "TA"]
[PlyCount "54"]
[EventDate "2018.07.21"]
[EventType "swiss"]
[EventCountry "DEN"]
[SourceTitle "playchess.com"]
[Source "ChessBase"]
[SourceQuality "1"]

1. d4 e6 2. c4 f5 3. g3 Nf6 4. Bg2 d5 5. Nf3 Bd6 6. O-O O-O 7. b3 b6 8. Bb2 Bb7 9. Nbd2 Nbd7 10. Rc1 Ne4 11. Ne5 c6 12. Ndf3 Rc8 13. Nd3 Qe7 14. Nfe5 c5 15. Nxd7 Qxd7 16. cxd5 exd5 17. dxc5 bxc5 18. Rc2 d4 19. Qc1 Qe7 20. e3 Ng5 21. f4 Bxg2 22. Rxg2 Nh3+ 23. Kh1 c4 24. bxc4 Qe4 25. Nf2 Nxf2+ 26. Rfxf2 dxe3 27. Qc3 Be5 0-1

[Event "Xtracon Open 2018"]
[Site "Helsingor"]
[Date "2018.07.22"]
[Round "3"]
[White "Christensen, Jacob Foged"]
[Black "Grove, Peter"]
[Result "0-1"]
[WhiteElo "1916"]
[BlackElo "2202"]
[Annotator "NA"]
[PlyCount "56"]
[EventDate "2018.07.21"]
[EventType "swiss"]
[EventCountry "DEN"]
[SourceTitle "playchess.com"]
[Source "ChessBase"]
[SourceQuality "1"]

1. d4 g6 2. Nf3 Bg7 3. c4 c5 4. d5 b5 5. cxb5 a6 6. bxa6 Nf6 7. Nc3 O-O 8. e4 Qa5 9. Bd2 d6 10. Be2 Bxa6 11. O-O Bxe2 12. Qxe2 Qb4 13. Rab1 Nbd7 14. Ne1 Rfb8 15. Nc2 Qb7 16. f4 Ne8 17. h4 Nc7 18. Na3 Nb6 19. f5 Ne8 20. fxg6 fxg6 21. g4 Nf6 22. h5 Qd7 23. hxg6 hxg6 24. g5 Nh5 25. Rf2 Qh3 26. Rh2 Bd4+ 27. Rf2 Rf8 28. Rbf1 Ng3 0-1

[Event "Xtracon Open 2018"]
[Site "Helsingor"]
[Date "2018.07.22"]
[Round "3"]
[White "Gula, Julian"]
[Black "Ingvason, Johann"]
[Result "1/2-1/2"]
[WhiteElo "1909"]
[BlackElo "2189"]
[Annotator "TA"]
[PlyCount "128"]
[EventDate "2018.07.21"]
[EventType "swiss"]
[EventCountry "DEN"]
[SourceTitle "playchess.com"]
[Source "ChessBase"]
[SourceQuality "1"]

1. e4 c5 2. Nc3 Nc6 3. Nge2 e6 4. g3 d5 5. exd5 exd5 6. Bg2 d4 7. Nd5 Nf6 8. Nef4 Nxd5 9. Nxd5 Be6 10. Nf4 Qd7 11. Qe2 O-O-O 12. Nxe6 Re8 13. Bh3 Nd8 14. O-O Nxe6 15. d3 Bd6 16. Bd2 h5 17. Qf3 h4 18. Bg2 Nd8 19. a4 Nc6 20. a5 Ne5 21. Qd5 Qc6 22. a6 Qxd5 23. Bxd5 b6 24. Bf4 f6 25. Rfe1 g5 26. Bxe5 Bxe5 27. Re4 hxg3 28. hxg3 Re7 29. Rae1 Kd7 30. f4 gxf4 31. gxf4 Rg7+ 32. Kf2 Bd6 33. Bb3 Rh2+ 34. Kf3 Rhg2 35. Ba4+ Kc7 36. R4e2 R2g3+ 37. Ke4 R3g4 38. Rf1 Bxf4 39. Kf5 Be5 40. Re4 R4g5+ 41. Ke6 Rg2 42. b4 b5 43. Bxb5 Rxc2 44. Bc4 cxb4 45. Rb1 Rgg2 46. Rxb4 Rb2 47. Rg4 Rxb4 48. Rxg2 Rb6+ 49. Kf5 Kc6 50. Rg7 Bc7 51. Kxf6 Rb2 52. Kf5 Re2 53. Rg6+ Kc5 54. Rg7 Rf2+ 55. Ke6 Kc6 56. Rg4 Bb6 57. Rg7 Re2+ 58. Kf5 Kc5 59. Rg6 Re1 60. Rg4 Kb4 61. Re4 Rc1 62. Ke5 Rxc4 63. dxc4 Kxc4 64. Rh4 Bc7+ 1/2-1/2

[Event "Xtracon Open 2018"]
[Site "Helsingor"]
[Date "2018.07.23"]
[Round "4"]
[White "Urkedal, Frode Olav Olsen"]
[Black "Hilby, Craig"]
[Result "1-0"]
[WhiteElo "2552"]
[BlackElo "2426"]
[Annotator "ChessBase"]
[PlyCount "152"]
[EventDate "2018.07.21"]
[EventType "swiss"]
[EventCountry "DEN"]
[SourceTitle "playchess.com"]
[Source "ChessBase"]
[SourceQuality "1"]

1. d4 Nf6 2. c4 g6 3. Nc3 d5 4. cxd5 Nxd5 5. e4 Nxc3 6. bxc3 Bg7 7. Bc4 c5 8. Ne2 O-O 9. O-O Nc6 10. Be3 b6 11. Rb1 Qc7 12. Qc1 Bb7 13. dxc5 Ne5 14. Bd5 Bxd5 15. exd5 Ng4 16. g3 Nxe3 17. Qxe3 bxc5 18. Rb5 c4 19. Rfb1 Bf6 20. Rc5 Qd6 21. Rb4 Qa6 22. a4 Rfc8 23. Rcb5 Rc7 24. g4 Qd6 25. g5 Bg7 26. Qe4 Rac8 27. Rb8 Rxb8 28. Rxb8+ Bf8 29. Qd4 e5 30. dxe6 Qxe6 31. Nf4 Qg4+ 32. Kf1 Rc8 33. Rxc8 Qxc8 34. Nd5 Qc5 35. Qxc5 Bxc5 36. Ke2 h6 37. gxh6 Kh7 38. Ne3 Bd6 39. h3 Be5 40. Nxc4 Bxc3 41. Nd6 Bf6 42. Nxf7 Kg8 43. Nd6 Kh7 44. Nb5 a5 45. Na7 Kxh6 46. Kd3 Bh4 47. f4 Kh5 48. Nc6 Be1 49. Ke4 Bc3 50. Ne5 Bd2 51. Nf3 Bb4 52. f5 gxf5+ 53. Kxf5 Kh6 54. Kf6 Kh5 55. Kf5 Kh6 56. Ke4 Kg6 57. Ke5 Bc3+ 58. Kd5 Kh5 59. Kc4 Bb4 60. Kb5 Bc3 61. Kc5 Bb2 62. Kc4 Ba3 63. Kb5 Bb4 64. Kc4 Ba3 65. Nd4 Bb4 66. Nc6 Be1 67. Kb5 Kh4 68. Nxa5 Kxh3 69. Nc6 Kg4 70. Nb4 Kf5 71. a5 Ke6 72. a6 Bf2 73. Kc6 Bg1 74. Nd5 Ba7 75. Kb7 Kxd5 76. Kxa7 Kd6 1-0

[Event "Xtracon Open 2018"]
[Site "Helsingor"]
[Date "2018.07.23"]
[Round "4"]
[White "Aabling-Thomsen, Jakob"]
[Black "Tari, Aryan"]
[Result "0-1"]
[WhiteElo "2379"]
[BlackElo "2615"]
[Annotator "TA"]
[PlyCount "57"]
[EventDate "2018.07.21"]
[EventType "swiss"]
[EventCountry "DEN"]
[SourceTitle "playchess.com"]
[Source "ChessBase"]
[SourceQuality "1"]

1. c4 c5 2. Nf3 Nc6 3. e3 Nf6 4. d4 cxd4 5. exd4 d5 6. Nc3 Bg4 7. cxd5 Nxd5 8. Qb3 Bxf3 9. gxf3 Nb6 10. d5 Nd4 11. Qd1 e5 12. Be3 Bc5 13. f4 Qe7 14. fxe5 Qxe5 15. Bg2 Nf5 16. O-O Nxe3 17. fxe3 O-O 18. Ne4 Bxe3+ 19. Kh1 Bd4 20. Qb3 Nxd5 21. Rae1 Nf4 22. Ng3 Qg5 23. Bxb7 Rab8 24. Qf3 Bxb2 25. Rb1 Be5 26. Rb5 Ng6 27. Qe4 Qd2 28. a4 Rbe8 29. Qf5 0-1